[Event "Olomouc Chess Summer 2022 - B2"]
[Site "Olomouc (CZE), Hotel Flora"]
[Date "2022.08.19"]
[Round "8"]
[Board "5"]
[White "Mannion, Stephen R"]
[Black "Biolek, Richard"]
[Result "1/2-1/2"]
[WhiteElo "2232"]
[BlackElo "2402"]
[PlyCount "0"]
[EventDate "2022.08.13"]
[EventRounds "9"]
[EventCountry "CZE"]

1. e4 {[%clk 1:30:57]} c5 {[%clk 1:30:56]} 2. Nf3 {[%clk 1:31:18]} d6
{[%clk 1:31:20]} 3. d4 {[%clk 1:31:41]} cxd4 {[%clk 1:31:46]} 4. Nxd4
{[%clk 1:32:06]} Nf6 {[%clk 1:32:12]} 5. Nc3 {[%clk 1:32:28]} Nc6
{[%clk 1:32:37]} 6. Bg5 {[%clk 1:32:42]} e6 {[%clk 1:32:59]} 7. Qd2
{[%clk 1:32:50]} a6 {[%clk 1:33:22]} 8. O-O-O {[%clk 1:31:38]} Bd7
{[%clk 1:33:43]} 9. f4 {[%clk 1:30:56]} Be7 {[%clk 1:31:11]} 10. Nf3
{[%clk 1:30:51]} b5 {[%clk 1:25:08]} 11. Bxf6 {[%clk 1:14:11]} gxf6
{[%clk 1:25:17]} 12. Bd3 {[%clk 1:14:31]} Qb6 {[%clk 1:23:14]} 13. Rhe1
{[%clk 1:04:43]} O-O-O {[%clk 1:20:06]} 14. Bf1 {[%clk 0:51:07]} Kb8
{[%clk 1:15:25]} 15. Kb1 {[%clk 0:49:14]} Rc8 16. Nd4 {[%clk 0:47:45]} Nxd4
{[%clk 0:39:21]} 17. Qxd4 {[%clk 0:48:08]} Qxd4 {[%clk 0:39:22]} 18. Rxd4
{[%clk 0:48:35]} Ka7 {[%clk 0:38:33]} 19. Rd3 {[%clk 0:33:14]} Rc7
{[%clk 0:31:58]} 20. a3 {[%clk 0:30:15]} Kb6 {[%clk 0:27:56]} 21. Red1
{[%clk 0:28:20]} Bc6 {[%clk 0:27:56]} 22. Rh3 {[%clk 0:24:49]} h5
{[%clk 0:20:31]} 23. g4 {[%clk 0:20:44]} h4 {[%clk 0:20:27]} 24. f5
{[%clk 0:19:37]} Bb7 {[%clk 0:20:02]} 25. Be2 {[%clk 0:18:32]} Rc5
{[%clk 0:19:03]} 26. Rd4 {[%clk 0:15:45]} Re5 {[%clk 0:17:56]} 27. b4
{[%clk 0:12:15]} Bc6 {[%clk 0:14:41]} 28. Kb2 {[%clk 0:11:59]} Kb7
{[%clk 0:12:23]} 29. Bf3 {[%clk 0:11:13]} Kc7 {[%clk 0:12:25]} 30. Be2
{[%clk 0:09:22]} Kd7 {[%clk 0:12:54]} 31. Rhd3 {[%clk 0:07:45]} Bf8
{[%clk 0:05:28]} 32. Bf3 {[%clk 0:08:00]} h3 {[%clk 0:04:19]} 33. Ne2
{[%clk 0:06:57]} exf5 {[%clk 0:02:45]} 34. gxf5 {[%clk 0:07:20]} Rh4
{[%clk 0:03:14]} 35. Nc3 {[%clk 0:06:20]} Ke8 {[%clk 0:02:18]} 36. Rxd6
{[%clk 0:03:17]} Bxd6 {[%clk 0:02:24]} 37. Rxd6 {[%clk 0:03:46]} Rf4
{[%clk 0:02:11]} 38. Rxc6 {[%clk 0:03:36]} Rxf3 {[%clk 0:02:39]} 39. Rxa6
{[%clk 0:02:34]} Kf8 {[%clk 0:02:33]} 40. Rxf6 {[%clk 0:02:45]} Kg7
{[%clk 0:02:50]} 41. Rd6 {[%clk 0:28:30]} Rf2 {[%clk 0:30:32]} 42. Rd3
{[%clk 0:28:57]} Rxh2 {[%clk 0:30:57]} 43. Rg3+ {[%clk 0:17:55]} Kf8
{[%clk 0:31:05]} 44. a4 {[%clk 0:16:05]} bxa4 {[%clk 0:31:04]} 45. b5
{[%clk 0:16:29]} Ke7 {[%clk 0:14:24]} 46. b6 {[%clk 0:15:59]} Kd6
{[%clk 0:14:42]} 47. Nxa4 {[%clk 0:08:48]} Rb5+ {[%clk 0:14:05]} 48. Kc3
{[%clk 0:07:45]} Rh1 {[%clk 0:13:43]} 49. Nb2 {[%clk 0:06:15]} h2
{[%clk 0:03:51]} 50. Rh3 {[%clk 0:06:24]} Kc5 {[%clk 0:02:11]} 51. Rh6
{[%clk 0:06:11]} f6 {[%clk 0:01:46]} 52. Nd3+ {[%clk 0:05:17]} Kxb6
{[%clk 0:02:06]} 53. Rxf6+ {[%clk 0:05:41]} Kc7 {[%clk 0:01:48]} 54. Rh6
{[%clk 0:06:03]} Rb6 {[%clk 0:02:04]} 55. Rh7+ {[%clk 0:06:25]} Kd8
{[%clk 0:02:25]} 56. e5 {[%clk 0:04:47]} Rf1 {[%clk 0:02:23]} 57. Rxh2
{[%clk 0:05:03]} Rxf5 {[%clk 0:02:50]} 58. Kd4 {[%clk 0:05:00]} Rf1
{[%clk 0:02:32]} 59. Rh8+ {[%clk 0:03:32]}  1/2-1/2

[Event "Olomouc Chess Summer 2022 - B2"]
[Site "Olomouc (CZE), Hotel Flora"]
[Date "2022.08.20"]
[Round "9"]
[Board "2"]
[White "Wiley, Tom E"]
[Black "Mannion, Stephen R"]
[Result "1/2-1/2"]
[WhiteElo "2169"]
[BlackElo "2232"]
[PlyCount "0"]
[EventDate "2022.08.13"]
[EventRounds "9"]
[EventCountry "CZE"]

1. d4 {[%clk 1:30:58]} d5 {[%clk 1:23:59]} 2. c4 {[%clk 1:31:22]} dxc4
{[%clk 1:24:25]} 3. Nf3 {[%clk 1:31:37]} Nf6 {[%clk 1:24:39]} 4. e3
{[%clk 1:31:56]} e6 {[%clk 1:25:03]} 5. Bxc4 {[%clk 1:32:19]} c5 {[%clk 1:25:28]}
6. O-O {[%clk 1:32:38]} a6 {[%clk 1:25:43]} 7. dxc5 {[%clk 1:32:41]} Bxc5
{[%clk 1:25:59]} 8. Qxd8+ {[%clk 1:33:00]} Kxd8 {[%clk 1:26:24]} 9. Ne5
{[%clk 1:33:16]} Ke7 {[%clk 1:26:42]} 10. Be2 {[%clk 1:33:36]} Nbd7
{[%clk 1:24:51]} 11. Nc4 {[%clk 1:33:55]} b6 {[%clk 1:23:34]} 12. Nbd2
{[%clk 1:32:16]} a5 {[%clk 1:23:21]} 13. Nb3 {[%clk 1:31:31]} Ba6
{[%clk 1:23:40]} 14. Nxc5 {[%clk 1:30:42]} bxc5 {[%clk 1:23:57]} 15. f3
{[%clk 1:29:09]} Rhb8 {[%clk 1:19:39]} 16. Rf2 {[%clk 1:28:34]} a4
{[%clk 1:05:14]}  1/2-1/2

[Event "Olomouc Chess Summer 2022 - B2"]
[Site "Olomouc (CZE), Hotel Flora"]
[Date "2022.08.20"]
[Round "9"]
[Board "3"]
[White "Camarena Jimenez, Rufino"]
[Black "Saypuri, Srithan"]
[Result "1-0"]
[WhiteElo "2308"]
[BlackElo "2045"]
[PlyCount "0"]
[EventDate "2022.08.13"]
[EventRounds "9"]
[EventCountry "CZE"]

1. d4 {[%clk 1:30:57]} Nf6 {[%clk 1:17:09]} 2. c4 {[%clk 1:31:18]} g6
{[%clk 1:17:33]} 3. Nc3 {[%clk 1:31:40]} Bg7 {[%clk 1:17:58]} 4. e4
{[%clk 1:32:05]} d6 {[%clk 1:18:26]} 5. Nf3 {[%clk 1:32:18]} O-O {[%clk 1:18:48]}
6. Be2 {[%clk 1:32:40]} e5 {[%clk 1:19:13]} 7. d5 {[%clk 1:33:03]} Na6
{[%clk 1:18:36]} 8. Bg5 {[%clk 1:30:25]} h6 {[%clk 1:18:05]} 9. Bh4
{[%clk 1:30:49]} g5 {[%clk 1:13:03]} 10. Bg3 {[%clk 1:31:08]} Nh5
{[%clk 1:13:25]} 11. Nd2 {[%clk 1:30:44]} Nxg3 {[%clk 1:13:35]} 12. hxg3
{[%clk 1:30:47]} f5 {[%clk 1:14:01]} 13. exf5 {[%clk 1:12:53]} Bxf5
{[%clk 1:14:15]} 14. Nde4 {[%clk 1:12:02]} b6 {[%clk 1:14:26]} 15. Bd3
{[%clk 1:10:20]} Qd7 {[%clk 1:10:59]} 16. O-O {[%clk 1:00:16]} Nc5
{[%clk 1:04:38]} 17. Bc2 {[%clk 1:00:36]} Rf7 {[%clk 0:58:41]} 18. b4
{[%clk 1:00:18]} Nxe4 {[%clk 0:57:14]} 19. Bxe4 {[%clk 1:00:38]} Bxe4
{[%clk 0:49:53]} 20. Nxe4 {[%clk 1:01:05]} Qf5 {[%clk 0:50:16]} 21. Qe2
{[%clk 0:59:06]} Bf8 {[%clk 0:45:57]} 22. g4 {[%clk 0:53:32]} Qg6
{[%clk 0:46:12]} 23. Ng3 {[%clk 0:45:49]} Re8 {[%clk 0:39:44]} 24. Qe4
{[%clk 0:43:15]} Qxe4 {[%clk 0:36:58]} 25. Nxe4 {[%clk 0:43:26]} Rf4
{[%clk 0:36:31]} 26. f3 {[%clk 0:43:24]} Bg7 {[%clk 0:36:43]} 27. Rac1
{[%clk 0:42:24]} Ref8 {[%clk 0:31:17]} 28. Rc3 {[%clk 0:34:28]} h5
{[%clk 0:28:06]} 29. g3 {[%clk 0:34:18]} R4f7 {[%clk 0:28:32]} 30. gxh5
{[%clk 0:34:32]} g4 {[%clk 0:28:33]} 31. Kg2 {[%clk 0:27:55]} Rf5
{[%clk 0:27:23]} 32. Rf2 {[%clk 0:25:03]} Rxh5 {[%clk 0:27:20]} 33. fxg4
{[%clk 0:25:21]} Rxf2+ {[%clk 0:27:46]} 34. Nxf2 {[%clk 0:25:46]} Rg5
{[%clk 0:28:11]} 35. Ra3 {[%clk 0:25:18]} e4 {[%clk 0:26:22]} 36. Nxe4
{[%clk 0:25:37]} Rxg4 {[%clk 0:26:48]} 37. Kf3 {[%clk 0:25:58]} Rg6
{[%clk 0:27:03]} 38. Rxa7  1-0

[Event "Olomouc Chess Summer 2022 - B2"]
[Site "Olomouc (CZE), Hotel Flora"]
[Date "2022.08.20"]
[Round "9"]
[Board "4"]
[White "Shubin, Daniel"]
[Black "Paseka, Matyas"]
[Result "0-1"]
[WhiteElo "2206"]
[BlackElo "2218"]
[PlyCount "0"]
[EventDate "2022.08.13"]
[EventRounds "9"]
[EventCountry "CZE"]

1. e4 {[%clk 1:27:38]} c5 {[%clk 1:30:50]} 2. Nf3 {[%clk 1:27:50]} d6
{[%clk 1:31:13]} 3. d4 {[%clk 1:28:15]} cxd4 {[%clk 1:31:39]} 4. Nxd4
{[%clk 1:28:28]} Nf6 {[%clk 1:32:03]} 5. Nc3 {[%clk 1:28:54]} a6 {[%clk 1:32:27]}
6. Nb3 {[%clk 1:29:06]} e5 {[%clk 1:31:20]} 7. Bg5 {[%clk 1:29:32]} Be6
{[%clk 1:30:09]} 8. Bxf6 {[%clk 1:29:20]} Qxf6 {[%clk 1:30:22]} 9. Nd5
{[%clk 1:29:46]} Qd8 {[%clk 1:29:45]} 10. Qd3 {[%clk 1:28:06]} Nd7
{[%clk 1:28:53]} 11. O-O-O {[%clk 1:27:50]} Rc8 {[%clk 1:26:48]} 12. Kb1
{[%clk 1:25:58]} Nb6 {[%clk 1:24:10]} 13. Ne3 {[%clk 1:15:30]} Nc4
{[%clk 1:22:57]} 14. Nxc4 {[%clk 1:13:11]} Bxc4 {[%clk 1:23:00]} 15. Qd2
{[%clk 1:11:57]} Be6 {[%clk 1:22:34]} 16. f4 {[%clk 0:57:25]} Be7
{[%clk 1:17:52]} 17. Bd3 {[%clk 0:49:08]} exf4 {[%clk 1:12:56]} 18. Qxf4
{[%clk 0:47:19]} Bf6 {[%clk 1:11:22]} 19. c3 {[%clk 0:47:07]} Qb6
{[%clk 1:09:17]} 20. Bc2 {[%clk 0:46:46]} Be5 {[%clk 1:09:06]} 21. Qf3
{[%clk 0:44:46]} O-O {[%clk 1:07:10]} 22. Nd4 {[%clk 0:43:29]} Bc4
{[%clk 0:59:42]} 23. Bb3 {[%clk 0:42:07]} a5 {[%clk 0:56:38]} 24. Nf5
{[%clk 0:39:42]} Bxb3 {[%clk 0:39:31]} 25. Ne7+ {[%clk 0:39:30]} Kh8
{[%clk 0:39:55]} 26. Nxc8 {[%clk 0:39:43]} Rxc8 {[%clk 0:40:19]} 27. axb3
{[%clk 0:40:08]} Qxb3 {[%clk 0:40:43]} 28. Qf5 {[%clk 0:33:53]} Rc5
{[%clk 0:37:08]} 29. Qd7 {[%clk 0:29:54]} h6 {[%clk 0:35:19]} 30. Rd2
{[%clk 0:20:15]} Rxc3 {[%clk 0:33:22]} 31. Rf1 {[%clk 0:18:58]} Qc4
{[%clk 0:27:43]} 32. Qxf7 {[%clk 0:17:21]} Rc1+ {[%clk 0:28:07]} 33. Rxc1
{[%clk 0:14:57]} Qxf7 {[%clk 0:28:33]} 34. Rc8+ {[%clk 0:13:49]} Kh7
{[%clk 0:28:58]} 35. Ra8 {[%clk 0:11:58]} Qf1+ {[%clk 0:28:56]} 36. Ka2
{[%clk 0:12:27]} Qc4+ {[%clk 0:29:17]} 37. Ka1 {[%clk 0:12:54]} Qc1+
{[%clk 0:29:39]}  0-1

[Event "Olomouc Chess Summer 2022 - B2"]
[Site "Olomouc (CZE), Hotel Flora"]
[Date "2022.08.20"]
[Round "9"]
[Board "5"]
[White "Mica, Marek"]
[Black "Nemec, Jachym"]
[Result "1/2-1/2"]
[WhiteElo "2297"]
[BlackElo "2341"]
[PlyCount "0"]
[EventDate "2022.08.13"]
[EventRounds "9"]
[EventCountry "CZE"]

1. c4 {[%clk 1:30:53]} Nf6 {[%clk 1:29:26]} 2. Nf3 {[%clk 1:31:06]} c5
{[%clk 1:27:22]} 3. g3 {[%clk 1:30:09]} d5 {[%clk 1:27:05]} 4. cxd5
{[%clk 1:30:15]} Nxd5 {[%clk 1:27:31]} 5. Bg2 {[%clk 1:29:34]} Nc6
{[%clk 1:27:57]} 6. d4 {[%clk 1:28:45]} cxd4 {[%clk 1:23:16]} 7. Nxd4
{[%clk 1:28:53]} e6 {[%clk 1:23:26]} 8. Nxc6 {[%clk 1:26:48]} bxc6
{[%clk 1:23:52]} 9. O-O {[%clk 1:26:50]} Be7 {[%clk 1:22:51]} 10. a3
{[%clk 1:11:59]} O-O {[%clk 1:22:42]} 11. Qc2 {[%clk 1:11:13]} Qc7
{[%clk 1:15:11]} 12. Nc3 {[%clk 1:08:36]} Rd8 {[%clk 1:07:54]} 13. Nxd5
{[%clk 1:04:21]} exd5 {[%clk 1:08:20]} 14. Rd1 {[%clk 1:04:20]} Be6
{[%clk 1:07:34]} 15. Be3 {[%clk 1:01:06]} Qb7 {[%clk 1:05:19]} 16. b4
{[%clk 0:53:08]} a5 {[%clk 0:55:25]} 17. Bc5 {[%clk 0:50:56]} axb4
{[%clk 0:42:58]} 18. axb4 {[%clk 0:51:06]} Bxc5 {[%clk 0:29:59]} 19. Qxc5
{[%clk 0:51:04]} Rab8 {[%clk 0:29:53]} 20. e4 {[%clk 0:46:03]}  1/2-1/2

[Event "Olomouc Chess Summer 2022 - C"]
[Site "Olomouc (CZE), Hotel Flora"]
[Date "2022.08.13"]
[Round "1"]
[Board "1"]
[White "Stepan, Petr"]
[Black "Marek, Matyas"]
[Result "0-1"]
[WhiteElo "1767"]
[BlackElo "2353"]
[PlyCount "0"]
[EventDate "2022.08.13"]
[EventRounds "9"]
[EventCountry "CZE"]

1. d4 {[%clk 1:30:57]} Nf6 {[%clk 1:30:56]} 2. Nf3 {[%clk 1:31:10]} g6
{[%clk 1:31:19]} 3. c4 {[%clk 1:30:51]} Bg7 {[%clk 1:31:45]} 4. Nc3
{[%clk 1:31:09]} O-O {[%clk 1:32:10]} 5. e4 {[%clk 1:31:09]} d6 {[%clk 1:32:34]}
6. Be2 {[%clk 1:31:15]} e5 {[%clk 1:32:59]} 7. dxe5 {[%clk 1:28:05]} dxe5
{[%clk 1:32:37]} 8. Qxd8 {[%clk 1:28:27]} Rxd8 {[%clk 1:33:06]} 9. Bg5
{[%clk 1:24:41]} Re8 {[%clk 1:32:38]} 10. O-O {[%clk 1:24:31]} c6
{[%clk 1:32:52]} 11. Rad1 {[%clk 1:23:03]} Nbd7 {[%clk 1:32:17]} 12. Nd2
{[%clk 1:20:10]} Nc5 {[%clk 1:30:54]} 13. b4 {[%clk 1:17:56]} Ne6
{[%clk 1:30:46]} 14. Bh4 {[%clk 1:13:54]} Nd4 {[%clk 1:29:11]} 15. Bd3
{[%clk 1:12:18]} a5 {[%clk 1:28:01]} 16. b5 {[%clk 1:09:18]} a4 {[%clk 1:27:05]}
17. Nf3 {[%clk 1:03:41]} Bg4 {[%clk 1:24:37]} 18. Bxf6 {[%clk 1:01:56]} Bxf6
{[%clk 1:24:44]} 19. Be2 {[%clk 1:02:00]} Be6 {[%clk 1:23:34]} 20. Bd3
{[%clk 0:58:46]} Red8 {[%clk 1:20:38]} 21. Ne1 {[%clk 0:56:08]} Be7
{[%clk 1:20:00]} 22. Rb1 {[%clk 0:53:14]} Bc5 {[%clk 1:17:59]} 23. Rb2
{[%clk 0:51:52]} Rdc8 {[%clk 1:13:37]} 24. Nf3 {[%clk 0:46:06]} Nxf3+
{[%clk 1:09:36]} 25. gxf3 {[%clk 0:46:28]} Rd8 {[%clk 1:08:32]} 26. Rd1
{[%clk 0:39:34]} Rd4 {[%clk 1:04:13]} 27. Ne2 {[%clk 0:39:57]} Rd6
{[%clk 1:04:07]} 28. Nc3 {[%clk 0:39:46]} a3 {[%clk 0:54:57]} 29. Rbb1
{[%clk 0:35:54]} Rad8 {[%clk 0:54:31]} 30. Be2 {[%clk 0:19:32]} Rxd1+
{[%clk 0:53:37]} 31. Rxd1 {[%clk 0:19:41]} Rxd1+ {[%clk 0:54:00]} 32. Nxd1
{[%clk 0:20:05]} cxb5 {[%clk 0:54:23]} 33. Nc3 {[%clk 0:17:15]} b4
{[%clk 0:54:19]}  0-1

[Event "Olomouc Chess Summer 2022 - C"]
[Site "Olomouc (CZE), Hotel Flora"]
[Date "2022.08.13"]
[Round "1"]
[Board "2"]
[White "Al-Ali, Hussein Ali Hussein"]
[Black "Bartos, Karel"]
[Result "1-0"]
[WhiteElo "2235"]
[BlackElo "1760"]
[PlyCount "0"]
[EventDate "2022.08.13"]
[EventRounds "9"]
[EventCountry "CZE"]

1. e4 {[%clk 1:30:58]} d5 {[%clk 1:30:49]} 2. exd5 {[%clk 1:31:20]} Qxd5
{[%clk 1:31:13]} 3. Nc3 {[%clk 1:31:39]} Qd8 {[%clk 1:31:20]} 4. d4
{[%clk 1:31:56]} Nf6 {[%clk 1:31:36]} 5. Nf3 {[%clk 1:31:51]} Bg4
{[%clk 1:30:46]} 6. h3 {[%clk 1:31:04]} Bxf3 {[%clk 1:30:13]} 7. Qxf3
{[%clk 1:31:28]} c6 {[%clk 1:30:01]} 8. Be3 {[%clk 1:31:16]} e6 {[%clk 1:28:34]}
9. Be2 {[%clk 1:31:05]} Be7 {[%clk 1:22:46]} 10. O-O {[%clk 1:31:18]} O-O
{[%clk 1:22:02]} 11. Rad1 {[%clk 1:30:44]} Nbd7 {[%clk 1:19:49]} 12. Qg3
{[%clk 1:30:35]} Re8 {[%clk 1:17:21]} 13. h4 {[%clk 1:27:26]} Qa5
{[%clk 1:04:11]} 14. Bg5 {[%clk 1:23:06]} Rad8 {[%clk 0:53:58]} 15. a3
{[%clk 1:21:35]} Nd5 {[%clk 0:48:54]} 16. Ne4 {[%clk 1:19:30]} N7f6
{[%clk 0:45:00]} 17. Nd2 {[%clk 1:16:56]} Qc7 {[%clk 0:38:31]} 18. Qxc7
{[%clk 1:15:34]} Nxc7 {[%clk 0:38:58]} 19. Nc4 {[%clk 1:14:35]} h6
{[%clk 0:37:05]} 20. Bc1 {[%clk 1:13:41]} Ncd5 {[%clk 0:33:23]} 21. g3
{[%clk 1:12:28]} Ne4 {[%clk 0:29:57]} 22. Bf3 {[%clk 1:12:41]} Nd6
{[%clk 0:29:39]} 23. Na5 {[%clk 1:12:43]} Rd7 {[%clk 0:29:19]} 24. c4
{[%clk 1:12:09]} Nf6 {[%clk 0:29:25]} 25. d5 {[%clk 1:07:43]} exd5
{[%clk 0:24:47]} 26. cxd5 {[%clk 1:08:04]} cxd5 {[%clk 0:23:39]} 27. Bxd5
{[%clk 1:08:18]} Nxd5 {[%clk 0:18:10]} 28. Rxd5 {[%clk 1:08:42]} Red8
{[%clk 0:11:48]} 29. Rfd1 {[%clk 1:09:03]} Kf8 {[%clk 0:11:40]} 30. Bf4
{[%clk 1:06:38]} Ke8 {[%clk 0:11:05]} 31. b4 {[%clk 1:06:38]} Nb5
{[%clk 0:08:03]} 32. Rxd7 {[%clk 1:05:06]} Rxd7 {[%clk 0:08:32]} 33. Rxd7
{[%clk 1:04:44]} Kxd7 {[%clk 0:08:59]} 34. Bc1 {[%clk 1:04:51]} Kc7
{[%clk 0:03:39]} 35. Kf1 {[%clk 1:04:45]} b6 {[%clk 0:03:38]} 36. Nc4
{[%clk 1:04:50]} Bf6 {[%clk 0:03:24]} 37. Ke2 {[%clk 1:04:48]} Kc6
{[%clk 0:02:42]} 38. Kd3 {[%clk 1:05:07]} Nd6 {[%clk 0:02:27]} 39. Nxd6
{[%clk 1:02:24]} Kxd6 {[%clk 0:02:55]} 40. Kc4 {[%clk 1:02:47]}  1-0

[Event "Olomouc Chess Summer 2022 - C"]
[Site "Olomouc (CZE), Hotel Flora"]
[Date "2022.08.13"]
[Round "1"]
[Board "3"]
[White "Horkova, Tereza"]
[Black "Houska, Jiri"]
[Result "0-1"]
[WhiteElo "1732"]
[BlackElo "2220"]
[PlyCount "0"]
[EventDate "2022.08.13"]
[EventRounds "9"]
[EventCountry "CZE"]

1. e4 {[%clk 1:30:58]} c5 {[%clk 1:30:41]} 2. c3 {[%clk 1:31:20]} Nf6
{[%clk 1:31:05]} 3. e5 {[%clk 1:31:40]} Nd5 {[%clk 1:31:28]} 4. d4
{[%clk 1:31:45]} cxd4 {[%clk 1:31:51]} 5. cxd4 {[%clk 1:32:10]} d6
{[%clk 1:31:44]} 6. exd6 {[%clk 1:29:37]} e6 {[%clk 1:31:29]} 7. Nf3
{[%clk 1:27:50]} Bxd6 {[%clk 1:31:24]} 8. Nc3 {[%clk 1:24:16]} O-O
{[%clk 1:27:28]} 9. Nxd5 {[%clk 1:20:33]} exd5 {[%clk 1:27:55]} 10. Be2
{[%clk 1:20:01]} Nc6 {[%clk 1:27:48]} 11. O-O {[%clk 1:18:39]} Qb6
{[%clk 1:25:40]} 12. b3 {[%clk 1:12:36]} Bg4 {[%clk 1:23:53]} 13. Bb2
{[%clk 1:12:25]} Rfe8 {[%clk 1:22:05]} 14. Rc1 {[%clk 1:10:15]} Re4
{[%clk 1:13:00]} 15. h3 {[%clk 0:58:39]} Bh5 {[%clk 1:12:16]} 16. g4
{[%clk 0:39:55]} Bxg4 {[%clk 1:04:48]} 17. hxg4 {[%clk 0:39:46]} Rxg4+
{[%clk 1:05:15]} 18. Kh1 {[%clk 0:39:52]} Bf4 {[%clk 1:03:57]} 19. Nd2
{[%clk 0:21:53]} Rh4+ {[%clk 1:00:48]} 20. Kg2 {[%clk 0:20:32]} Nxd4
{[%clk 0:50:52]} 21. Rg1 {[%clk 0:16:35]} Nxb3 {[%clk 0:38:49]} 22. Nf3
{[%clk 0:01:47]} Rg4+ {[%clk 0:37:41]} 23. Kh3 {[%clk 0:00:57]} Rxg1
{[%clk 0:36:52]} 24. Qxg1 {[%clk 0:00:52]} Qh6+ {[%clk 0:37:03]} 25. Kg2
{[%clk 0:00:34]} Qg6+ {[%clk 0:35:42]} 26. Kh1 {[%clk 0:00:35]} Nxc1
{[%clk 0:34:40]} 27. Qxg6 {[%clk 0:00:32]} fxg6 {[%clk 0:33:43]} 28. Bd1
{[%clk 0:00:32]} Nxa2 {[%clk 0:30:43]} 29. Bb3 {[%clk 0:00:33]} Nb4
{[%clk 0:31:05]} 30. Ba3 {[%clk 0:00:37]} a5 {[%clk 0:31:30]} 31. Nd4
{[%clk 0:00:40]} Kf7 {[%clk 0:30:20]} 32. Kg2 {[%clk 0:00:47]} Rc8
{[%clk 0:29:27]} 33. Bxb4 {[%clk 0:00:39]} axb4 {[%clk 0:29:53]} 34. Bxd5+
{[%clk 0:00:59]} Kf6 {[%clk 0:30:05]} 35. Bxb7 {[%clk 0:01:11]} Rc3
{[%clk 0:28:27]} 36. Ne2 {[%clk 0:00:53]} Rc7 {[%clk 0:28:28]} 37. Bd5
{[%clk 0:00:51]} Ke5 {[%clk 0:28:14]} 38. Bb3 {[%clk 0:01:05]} g5
{[%clk 0:28:24]} 39. Kf1 {[%clk 0:00:38]} h5 {[%clk 0:28:35]} 40. Kg2
{[%clk 0:01:03]} Ra7 {[%clk 0:28:39]} 41. Bd1 {[%clk 0:01:02]} Ra1
{[%clk 0:27:41]} 42. Bc2 {[%clk 0:00:48]} Ra3 {[%clk 0:27:01]} 43. Bg6
{[%clk 0:00:32]} h4 {[%clk 0:27:07]} 44. Nxf4 {[%clk 0:00:39]} Kxf4
{[%clk 0:27:17]} 45. f3 {[%clk 0:01:02]} b3 {[%clk 0:27:31]} 46. Kh3
{[%clk 0:01:22]} b2 {[%clk 0:27:34]} 47. Be4 {[%clk 0:01:36]} Rxf3+
{[%clk 0:27:27]} 48. Bxf3 {[%clk 0:01:50]} Kxf3 {[%clk 0:27:34]} 49. Kh2
{[%clk 0:02:17]} b1=Q {[%clk 0:27:38]} 50. Kh3 {[%clk 0:02:44]} Qh1#  0-1

[Event "Olomouc Chess Summer 2022 - C"]
[Site "Olomouc (CZE), Hotel Flora"]
[Date "2022.08.13"]
[Round "1"]
[Board "4"]
[White "Svancara, Petr"]
[Black "Nagyova, Daniela"]
[Result "0-1"]
[WhiteElo "2145"]
[BlackElo "1728"]
[PlyCount "0"]
[EventDate "2022.08.13"]
[EventRounds "9"]
[EventCountry "CZE"]

1. c4 {[%clk 1:30:57]} e5 {[%clk 1:30:52]} 2. Nc3 {[%clk 1:31:19]} Nf6
{[%clk 1:31:07]} 3. Nf3 {[%clk 1:31:12]} Nc6 {[%clk 1:30:58]} 4. d4
{[%clk 1:31:21]} exd4 {[%clk 1:26:05]} 5. Nxd4 {[%clk 1:31:43]} Bb4
{[%clk 1:23:03]} 6. Nxc6 {[%clk 1:30:30]} bxc6 {[%clk 1:21:17]} 7. Bd2
{[%clk 1:30:02]} O-O {[%clk 1:17:43]} 8. e3 {[%clk 1:29:31]} d5 {[%clk 1:14:14]}
9. Qa4 {[%clk 1:16:24]} Qd6 {[%clk 1:06:43]} 10. a3 {[%clk 1:14:58]} Bxc3
{[%clk 1:05:23]} 11. Bxc3 {[%clk 1:15:08]} Ne4 {[%clk 0:59:35]} 12. Bd3
{[%clk 1:05:49]} Nxc3 {[%clk 0:57:23]} 13. bxc3 {[%clk 1:06:13]} Be6
{[%clk 0:54:10]} 14. O-O {[%clk 1:04:58]} Rfb8 {[%clk 0:49:55]} 15. cxd5
{[%clk 0:57:48]} cxd5 {[%clk 0:47:44]} 16. Rab1 {[%clk 0:55:07]} Qc5
{[%clk 0:42:45]} 17. Qd4 {[%clk 0:41:15]} Qa5 {[%clk 0:38:03]} 18. f4
{[%clk 0:41:05]} f6 {[%clk 0:33:24]} 19. e4 {[%clk 0:36:22]} Rb6 {[%clk 0:28:03]}
20. Rxb6 {[%clk 0:26:06]} axb6 {[%clk 0:25:47]} 21. f5 {[%clk 0:25:51]} c5
{[%clk 0:22:40]} 22. Qe3 {[%clk 0:23:51]} Bf7 {[%clk 0:20:36]} 23. e5
{[%clk 0:23:52]} Qxc3 {[%clk 0:16:17]} 24. e6 {[%clk 0:23:55]} Be8
{[%clk 0:15:31]} 25. e7 {[%clk 0:14:02]} Qe5 {[%clk 0:12:37]} 26. Qxe5
{[%clk 0:11:32]} fxe5 {[%clk 0:13:05]} 27. f6 {[%clk 0:11:53]} g6
{[%clk 0:08:31]} 28. Bb5 {[%clk 0:11:44]} Kf7 {[%clk 0:08:01]} 29. Bxe8+
{[%clk 0:11:33]} Rxe8 {[%clk 0:07:52]} 30. g4 {[%clk 0:11:42]} h6
{[%clk 0:05:36]} 31. h4 {[%clk 0:10:11]} c4 {[%clk 0:05:09]} 32. g5
{[%clk 0:10:30]} h5 {[%clk 0:05:15]} 33. Kf2 {[%clk 0:10:14]} Ra8
{[%clk 0:02:35]} 34. Rb1 {[%clk 0:10:22]} Rc8 {[%clk 0:01:24]} 35. Ke3
{[%clk 0:10:08]} d4+ {[%clk 0:00:49]} 36. Ke4 {[%clk 0:10:18]} d3
{[%clk 0:00:52]} 37. Ke3 {[%clk 0:10:04]} Rc6 {[%clk 0:00:53]} 38. Kd2
{[%clk 0:10:00]} e4 {[%clk 0:01:08]} 39. Rc1 {[%clk 0:09:35]} b5 {[%clk 0:00:50]}
40. Rc3 {[%clk 0:09:40]} e3+ 41. Kxe3 {[%clk 0:10:03]} Re6+ {[%clk 0:27:07]} 42.
Kd2 {[%clk 0:39:49]} Re2+ {[%clk 0:25:18]} 43. Kd1 {[%clk 0:40:14]} Re4
{[%clk 0:23:14]} 44. Rc1 {[%clk 0:39:53]} Rxh4 {[%clk 0:22:41]} 45. Kd2
{[%clk 0:40:03]} Rh2+ {[%clk 0:22:10]} 46. Ke3 {[%clk 0:39:36]} d2
{[%clk 0:20:46]} 47. Rb1 {[%clk 0:38:52]} h4 {[%clk 0:18:18]} 48. Kd4
{[%clk 0:37:16]} Re2 {[%clk 0:16:26]}  0-1